<?xml version="1.0" encoding="UTF-8"?>
<record
    xmlns:xsi="http://www.w3.org/2001/XMLSchema-instance"
    xsi:schemaLocation="http://www.loc.gov/MARC21/slim http://www.loc.gov/standards/marcxml/schema/MARC21slim.xsd"
    xmlns="http://www.loc.gov/MARC21/slim">

  <leader>00420nam a22001577a 4500</leader>
  <datafield tag="999" ind1=" " ind2=" ">
    <subfield code="c">18315</subfield>
    <subfield code="d">18315</subfield>
  </datafield>
  <controlfield tag="008">200721b        xxu||||| |||| 00| 0 eng d</controlfield>
  <datafield tag="020" ind1=" " ind2=" ">
    <subfield code="a">1292215763</subfield>
  </datafield>
  <datafield tag="050" ind1=" " ind2=" ">
    <subfield code="a">HB172.5</subfield>
    <subfield code="b">.W55 2018 c.1</subfield>
  </datafield>
  <datafield tag="100" ind1=" " ind2=" ">
    <subfield code="a">Williamson, Stephen D.</subfield>
  </datafield>
  <datafield tag="245" ind1=" " ind2=" ">
    <subfield code="a">Macroeconomics</subfield>
    <subfield code="c">Stephen D. Williamson</subfield>
  </datafield>
  <datafield tag="250" ind1=" " ind2=" ">
    <subfield code="a">6th ed.</subfield>
    <subfield code="b">Global edition </subfield>
  </datafield>
  <datafield tag="260" ind1=" " ind2=" ">
    <subfield code="a">UK</subfield>
    <subfield code="b">Pearson </subfield>
    <subfield code="c">2018</subfield>
  </datafield>
  <datafield tag="300" ind1=" " ind2=" ">
    <subfield code="a">731p.</subfield>
  </datafield>
  <datafield tag="650" ind1=" " ind2=" ">
    <subfield code="a">Macroeconomics</subfield>
  </datafield>
  <datafield tag="942" ind1=" " ind2=" ">
    <subfield code="2">lcc</subfield>
    <subfield code="c">BK</subfield>
  </datafield>
  <datafield tag="952" ind1=" " ind2=" ">
    <subfield code="0">0</subfield>
    <subfield code="1">0</subfield>
    <subfield code="2">lcc</subfield>
    <subfield code="7">0</subfield>
    <subfield code="a">KABU</subfield>
    <subfield code="b">KABU</subfield>
    <subfield code="d">2020-07-21</subfield>
    <subfield code="l">2</subfield>
    <subfield code="m">1</subfield>
    <subfield code="o">HB172.5 .W55 2018 c.1</subfield>
    <subfield code="p">029267</subfield>
    <subfield code="r">2024-08-02 00:00:00</subfield>
    <subfield code="s">2023-01-27</subfield>
    <subfield code="w">2020-07-21</subfield>
    <subfield code="y">BK</subfield>
  </datafield>
  <datafield tag="952" ind1=" " ind2=" ">
    <subfield code="0">0</subfield>
    <subfield code="1">0</subfield>
    <subfield code="2">lcc</subfield>
    <subfield code="7">0</subfield>
    <subfield code="a">KABU</subfield>
    <subfield code="b">KABU</subfield>
    <subfield code="d">2020-07-21</subfield>
    <subfield code="g">5494.00</subfield>
    <subfield code="l">2</subfield>
    <subfield code="o">HB172.5 .W55 2018 c.2</subfield>
    <subfield code="p">029268</subfield>
    <subfield code="r">2024-08-02 00:00:00</subfield>
    <subfield code="s">2021-03-09</subfield>
    <subfield code="w">2020-07-21</subfield>
    <subfield code="y">BK</subfield>
  </datafield>
  <datafield tag="952" ind1=" " ind2=" ">
    <subfield code="0">0</subfield>
    <subfield code="1">0</subfield>
    <subfield code="2">lcc</subfield>
    <subfield code="7">0</subfield>
    <subfield code="a">KABU</subfield>
    <subfield code="b">KABU</subfield>
    <subfield code="d">2020-07-21</subfield>
    <subfield code="g">5494.00</subfield>
    <subfield code="l">2</subfield>
    <subfield code="o">HB172.5 .W55 2018 c.3</subfield>
    <subfield code="p">029269</subfield>
    <subfield code="r">2024-08-02 00:00:00</subfield>
    <subfield code="s">2021-02-22</subfield>
    <subfield code="w">2020-07-21</subfield>
    <subfield code="y">BK</subfield>
  </datafield>
</record>
